Marína ; Detvan (Record no. 20468)
[ view plain ]
| 000 -LEADER | |
|---|---|
| fixed length control field | 01216nam a2200397 a 4500 |
| 001 - CONTROL NUMBER | |
| control field | 20468 |
| 003 - CONTROL NUMBER IDENTIFIER | |
| control field | VRT |
| 005 - DATE AND TIME OF LATEST TRANSACTION | |
| control field | 20260122144312.0 |
| 008 - FIXED-LENGTH DATA ELEMENTS--GENERAL INFORMATION | |
| fixed length control field | 961209q1995 xo g 000 p slo d |
| 020 ## - INTERNATIONAL STANDARD BOOK NUMBER | |
| International Standard Book Number | 808883435X (brož.) |
| 035 ## - SYSTEM CONTROL NUMBER | |
| System control number | UKB000210380 |
| 039 #9 - LEVEL OF BIBLIOGRAPHIC CONTROL AND CODING DETAIL [OBSOLETE] | |
| Level of rules in bibliographic description | 202109031334 |
| Level of effort used to assign nonsubject heading access points | gluc |
| Level of effort used to assign subject headings | 201211070846 |
| Level of effort used to assign classification | juso |
| Level of effort used to assign subject headings | 201211070842 |
| Level of effort used to assign classification | juso |
| 040 ## - CATALOGING SOURCE | |
| Original cataloging agency | BAA001 |
| Language of cataloging | slo |
| Transcribing agency | BAA001 |
| Description conventions | AACR2 |
| 041 0# - LANGUAGE CODE | |
| Language code of text/sound track or separate title | slo |
| 044 ## - COUNTRY OF PUBLISHING/PRODUCING ENTITY CODE | |
| MARC country code | xo |
| ISO country code | SK |
| 080 ## - UNIVERSAL DECIMAL CLASSIFICATION NUMBER | |
| Universal Decimal Classification number | 885.4-1 |
| 100 1# - MAIN ENTRY--PERSONAL NAME | |
| Personal name | Sládkovič, Andrej, |
| Dates associated with a name | 1820-1872 |
| 243 10 - COLLECTIVE UNIFORM TITLE | |
| Uniform title | <a href="Slovenská romantická poézia">Slovenská romantická poézia</a> |
| 245 10 - TITLE STATEMENT | |
| Title | Marína ; Detvan |
| Statement of responsibility, etc. | Andrej Sládkovič |
| 260 ## - PUBLICATION, DISTRIBUTION, ETC. | |
| Place of publication, distribution, etc. | Rohovce |
| Name of publisher, distributor, etc. | Interpopulart Slovakia |
| Date of publication, distribution, etc. | [1995] |
| 300 ## - PHYSICAL DESCRIPTION | |
| Extent | 108, [2] s. |
| 490 1# - SERIES STATEMENT | |
| Series statement | Populart, Študentská knižnica |
| Volume/sequential designation | 36 |
| 500 ## - GENERAL NOTE | |
| General note | Slovenská romantická poézia |
| 504 ## - BIBLIOGRAPHY, ETC. NOTE | |
| Bibliography, etc. note | Bibliogr. s. [110] |
| 650 07 - SUBJECT ADDED ENTRY--TOPICAL TERM | |
| Topical term or geographic name entry element | literatúra slovenská romantická |
| 650 07 - SUBJECT ADDED ENTRY--TOPICAL TERM | |
| Topical term or geographic name entry element | poézia |
| 653 ## - INDEX TERM--UNCONTROLLED | |
| Uncontrolled term | 885.4-1 |
| 740 02 - ADDED ENTRY--UNCONTROLLED RELATED/ANALYTICAL TITLE | |
| Uncontrolled related/analytical title | Detvan |
| 830 #0 - SERIES ADDED ENTRY--UNIFORM TITLE | |
| Uniform title | Populart, Študentská knižnica |
| Volume/sequential designation | 36 |
| 910 ## - USER-OPTION DATA (OCLC) | |
| User-option data | ukb |
| 942 ## - ADDED ENTRY ELEMENTS (KOHA) | |
| Source of classification or shelving scheme | Dewey Decimal Classification |
| Koha item type | Krásna literatúra pre dospelých |
| Suppress in OPAC | No |
| 949 ## - LOCAL PROCESSING INFORMATION (OCLC) | |
| 6 | 1800009262 |
| a | 30.D.66688 |
| b | PV.5691-96 |
| 949 ## - LOCAL PROCESSING INFORMATION (OCLC) | |
| 6 | 1800009261 |
| a | SL.D.24711 |
| b | PV.5692-96 |
| 949 ## - LOCAL PROCESSING INFORMATION (OCLC) | |
| 6 | 1800065046 |
| a | 30.D.66688 |
| b | NA.246-99 |
| 949 ## - LOCAL PROCESSING INFORMATION (OCLC) | |
| 6 | 1800084480 |
| a | 30.D.66688 |
| b | DD.333-2000 |
| Stav vyradenia | Strata | Poškodenie | Spôsob nadobudnutia | Domovská knižnica | Aktuálna knižnica | Dátum nadobudnutia | Total checkouts | Čiarový kód exemplára | Date last seen | Typ exemplára |
|---|---|---|---|---|---|---|---|---|---|---|
| Dar | Obecná knižnica Horná Štubňa | Obecná knižnica Horná Štubňa | 22.01.2026 | 808883435X | 22.01.2026 | Krásna literatúra pre dospelých |
